Normal view
MARC view
Entry Topical Term
001 - CONTROL NUMBER
- control field: 52124
003 - CONTROL NUMBER IDENTIFIER
- control field: OSt
005 - DATE AND TIME OF LATEST TRANSACTION
- control field: 20250417115114.0
008 - FIXED-LENGTH DATA ELEMENTS
- fixed length control field: 250417|| aca||aabn | a|a d
040 ## - CATALOGING SOURCE
- Original cataloging agency: OSt
- Transcribing agency: OSt
150 ## - HEADING--TOPICAL TERM
- Topical term or geographic name entry element: Hand-Collected Data, Households' Wealth Assessments, Multigenerational Mobility, Florence, Late Middle Ages, Two-Generation Estimates, Wealth Transmission, Unobserved Latent Factor, Long-Run Persistence, Marriage Networks, Politics, Economic Status, Generational Persistence
670 ## - SOURCE DATA FOUND
- Source citation: Work cat.: (OSt)526002: Belloc, Marianna et al 52123, Multigenerational transmission of wealth: Florence, 1403–1480
